| 000 | 00587nam a2200205Ia 4500 | ||
|---|---|---|---|
| 003 | SISC | ||
| 005 | 20170119145959.0 | ||
| 008 | 140321s9999 xx 000 0 und d | ||
| 020 | _a9789719905004 | ||
| 050 |
_aHD 31 _b.P434 2011 |
||
| 100 | _aPereda, Pedrito R. | ||
| 245 |
_aOrganization and management / _cPedrito R. Pereda and Purisima P. Pereda. |
||
| 260 |
_aManila : _bMindshapers, _c2011. |
||
| 300 |
_a207 pages ; _c25 cm. |
||
| 500 | _aIncludes bibliographical references. | ||
| 650 | _aManagement. | ||
| 650 | _aOrganization. | ||
| 942 |
_kLOC _cBK _2lcc |
||
| 999 |
_c48428 _d48428 |
||